A first course in abstract algebra / (Record no. 98882)

MARC details
000 -LEADER
fixed length control field 00797nam a22002537i 4500
003 - CONTROL NUMBER IDENTIFIER
control field OSt
005 - DATE AND TIME OF LATEST TRANSACTION
control field 20260224134828.0
008 - FIXED-LENGTH DATA ELEMENTS--GENERAL INFORMATION
fixed length control field 160809b xxu||||| |||| 00| 0 eng d
020 ## - INTERNATIONAL STANDARD BOOK NUMBER
International Standard Book Number 9780201592917
050 00 - LIBRARY OF CONGRESS CALL NUMBER
Classification number QA162
Item number F8432 1994
100 1# - MAIN ENTRY--PERSONAL NAME
Personal name Fraleigh, John B.
245 12 - TITLE STATEMENT
Title A first course in abstract algebra /
Statement of responsibility, etc. John B. Fraleigh ; historical notes by Victor Katz.
250 ## - EDITION STATEMENT
Edition statement 5th ed.
264 #1 - PRODUCTION, PUBLICATION, DISTRIBUTION, MANUFACTURE, AND COPYRIGHT NOTICE
Place of production, publication, distribution, manufacture Reading, Mass. :
Name of producer, publisher, distributor, manufacturer Addison-Wesley,
Date of production, publication, distribution, manufacture, or copyright notice [1994]
264 #4 - PRODUCTION, PUBLICATION, DISTRIBUTION, MANUFACTURE, AND COPYRIGHT NOTICE
Date of production, publication, distribution, manufacture, or copyright notice ©1994
300 ## - PHYSICAL DESCRIPTION
Extent xi, 556 p. :
Other physical details ill. ;
Dimensions 25 cm.
336 ## - CONTENT TYPE
Content type term text
Content type code txt
Source rdacontent
337 ## - MEDIA TYPE
Media type term unmediated
Media type code n
Source rdamedia
338 ## - CARRIER TYPE
Carrier type term volume
Carrier type code nc
Source rdacarrier
504 ## - BIBLIOGRAPHY, ETC. NOTE
Bibliography, etc. note Includes bibliographical references (pages 515-517) and index.
650 #0 - SUBJECT ADDED ENTRY--TOPICAL TERM
Topical term or geographic name entry element Algebra, Abstract.
740 0# - ADDED ENTRY--UNCONTROLLED RELATED/ANALYTICAL TITLE
Uncontrolled related/analytical title Abstract algebra.
942 ## - ADDED ENTRY ELEMENTS (KOHA)
Source of classification or shelving scheme Library of Congress Classification
Koha item type Foreign Books
Holdings
Withdrawn status Source of classification or shelving scheme Damaged status Not for loan Home library Current library Shelving location Date acquired Total Checkouts Full call number Barcode Date last seen Price effective from Koha item type
  Library of Congress Classification     Tanay College Library Tanay College Library Foreign Section 02/07/2023   QA162 F8432 1994 URSTAN-N4131 02/07/2023 02/07/2023 Reserved Books

University of Rizal System
Email us at univlibservices@urs.edu.ph

Visit our Website www.urs.edu.ph/library